Ultimate Geography Challenge 'B' Quiz Stats

Quiz Updated Mar 23, 2015

Challenge
Share
Tweet
Embed
Score 0/48 Timer 08:00
0 Plays Today
% Correct
None
100%
Belgium
87%
Brazil
84.4%
Bolivia
83.7%
Belize
81.3%
Bahamas
80.7%
Botswana
79.3%
Bhutan
76.8%
Bahrain
76.6%
Barbados
76.5%
Belarus
75.8%
Benin
75.7%
Bulgaria
75.4%
Bangladesh
74.7%
Burundi
74.5%
Boston
73.5%
Brunei
73.2%
Berlin
73.2%
Brussels
71.6%
Bosnia and Herzegovina
70.4%
Brasilia
69%
Burkina Faso
64.1%
Boise
63.3%
Bern
61.6%
% Correct
Budapest
61.3%
Beijing
61.2%
Bogotá
59.7%
Baton Rouge
59.1%
Bucharest
58%
Bismarck
57.9%
Baghdad
57.7%
Bratislava
56.4%
Bangkok
54.3%
Buenos Aires
53.1%
Belgrade
53.1%
Belmopan
53%
Beirut
51.7%
Baku
48.6%
Bishkek
46.1%
Bamako
45.2%
Bridgetown
44.2%
Brazzaville
41.7%
Bujumbura
41.5%
Banjul
39.6%
Bangui
39.5%
Bandar Seri Begawan
39%
Basseterre
37%
Bissau
34.6%

You're not logged in!

Compare scores with friends on all Sporcle quizzes.
Join for Free
OR
Log In

You Might Also Like...

Show Comments

Extras

Top Quizzes Today


Score Distribution

Your Account Isn't Verified!

In order to create a playlist on Sporcle, you need to verify the email address you used during registration. Go to your Sporcle Settings to finish the process.

Report this User

Report this user for behavior that violates our Community Guidelines.

Details: